Score 0/7 Timer 00:30
20 Plays Today
Book Title Ending % Correct
Harry Potter and the...Sorcerer's Stone
85.8%
Harry Potter and the...Chamber of Secrets
85.5%
Harry Potter and the...Prisoner of Azkaban
74.5%
Harry Potter and the...Goblet of Fire
72.3%
Harry Potter and the...Order of the Phoenix
58.1%
Harry Potter and the...Half-Blood Prince
54.9%
Harry Potter and the...Deathly Hallows
53.2%
Remove Ads.
Support Sporcle.
Get the best of Sporcle when you Go Orange. This ad-free experience offers more features, more stats, and more fun while also helping to support Sporcle. Thank you for becoming a member.

You're not logged in!

Compare scores with friends on all Sporcle quizzes.
OR
Log In

Show Comments

Extras

Top Quizzes Today


Score Distribution

Your Account Isn't Verified!

In order to create a playlist on Sporcle, you need to verify the email address you used during registration. Go to your Sporcle Settings to finish the process.

Report this User

Report this user for behavior that violates our Community Guidelines.

Details: